Of Human Bondage : (Record no. 10296)
[ view plain ]
| 000 -LEADER | |
|---|---|
| fixed length control field | 00767nam a2200253 a 4500 |
| 001 - CONTROL NUMBER | |
| JCCL Control Number | 10296 |
| 003 - CONTROL NUMBER IDENTIFIER | |
| JCCL marc code | BD-JhCC |
| 005 - DATE AND TIME OF LATEST TRANSACTION | |
| control field | 20180428105308.0 |
| 008 - FIXED-LENGTH DATA ELEMENTS--GENERAL INFORMATION | |
| fixed length control field | 180423s1963 usa 000 1 eng d |
| 020 ## - INTERNATIONAL STANDARD BOOK NUMBER | |
| International Standard Book Number | 822009307 |
| 035 ## - SYSTEM CONTROL NUMBER | |
| system control number | (BD-JhCC)10296 |
| 040 ## - CATALOGING SOURCE | |
| Original cataloging agency | VDU |
| Transcribing agency | VDU |
| Modifying agency | ANL |
| -- | BD-JhCC |
| 041 ## - LANGUAGE CODE | |
| Language code of Book | eng |
| 082 04 - DEWEY DECIMAL CLASSIFICATION NUMBER | |
| Classification number | 823.912 |
| DDC Edition number | 20 |
| Author mark and Year | ROB 1963 |
| 100 1# - MAIN ENTRY--PERSONAL NAME | |
| Personal name | Roberts, James L., |
| Dates associated with a name | 1929- |
| 245 10 - TITLE STATEMENT | |
| Title | Of Human Bondage : |
| Remainder of title | notes, including complete chapter summaries, characterizations, selected questions / |
| Statement of responsibility, etc | James L. Roberts, |
| 260 ## - PUBLICATION, DISTRIBUTION, ETC. (IMPRINT) | |
| Place of publication, distribution, etc | Nebraska : |
| Name of publisher, distributor, etc | Cliff's Notes, |
| Date of publication, distribution, etc | 1963. |
| 300 ## - PHYSICAL DESCRIPTION | |
| Pagination | 84 p. ; |
| Dimensions | 19 cm. |
| 504 ## - BIBLIOGRAPHY, ETC. NOTE | |
| Bibliography, etc | Include bibliography |
| 650 ## - SUBJECT ADDED ENTRY--TOPICAL TERM | |
| Topical term or geographic name as entry element | Examinations |
| 650 ## - SUBJECT ADDED ENTRY--TOPICAL TERM | |
| Topical term or geographic name as entry element | Of human bondage (Maugham, W. Somerset) |
| 942 ## - ADDED ENTRY ELEMENTS (KOHA) | |
| Source of classification or shelving scheme | Dewey Decimal Classification |
| Koha item type | Books |
| Source of classification or shelving scheme | Damaged status | Not for loan | Home library | Current library | Shelving location | Date of accession | Cost, normal purchase price | Total Checkouts | Full call number | Barcode | Date last seen | Copy number | Koha item type |
|---|---|---|---|---|---|---|---|---|---|---|---|---|---|
| Dewey Decimal Classification | JCC Rouf Library | JCC Rouf Library | General Stacks | 04/23/2018 | 1.00 | 823.912 ROB 1963 | 13520 | 04/23/2018 | C-1 | Books | |||
| Dewey Decimal Classification | JCC Rouf Library | JCC Rouf Library | General Stacks | 04/28/2018 | 1.00 | 823.912 ROB 1963 | 13975 | 04/28/2018 | C-2 | Books | |||
| Dewey Decimal Classification | JCC Rouf Library | JCC Rouf Library | General Stacks | 04/28/2018 | 1.00 | 823.912 ROB 1963 | 13974 | 04/28/2018 | C-4 | Books | |||
| Dewey Decimal Classification | JCC Rouf Library | JCC Rouf Library | General Stacks | 04/28/2018 | 1.00 | 823.912 ROB 1963 | 13973 | 04/28/2018 | C-3 | Books |